NESCAC Colleges - Statistics

General Stats
  • This quiz has been taken 38 times
    36 since last reset
  • The average score is 10 of 11
Answer Stats
Founding Year Answer % Correct
1793 Williams
100%
1821 Amherst
97%
1794 Bowdoin
97%
1831 Wesleyan
93%
1812 Hamilton
90%
1800 Middlebury
90%
1855 Bates
86%
1852 Tufts
86%
1813 Colby
83%
1911 Connecticut
83%
1823 Trinity
83%
No matching quizzes found
Score Distribution
Percent of People with Each Score
Percentile by Number Answered
Your Score History
You have not taken this quiz since the last reset